Estatísticas para Participantes da Copa CONMEBOL Libertadores 2022

Clique aqui para jogar o quiz

Estatísticas Gerais

  • Esse quiz foi jogado 127 vezes
  • A pontuação média é 29 de 47

Estatísticas das Respostas

PaísCidadeClube% Correto
BrasilCearáFortaleza
98%
BrasilSão PauloPalmeiras
98%
BrasilSão PauloCorinthians
97%
BrasilRio de JaneiroFlamengo
97%
BrasilBelo HorizonteAtlético Mineiro
96%
ArgentinaBuenos AiresBoca Juniors
96%
BrasilRio de JaneiroFluminense
96%
BrasilBragança PaulistaRed Bull Bragantino
94%
ArgentinaBuenos AiresRiver Plate
94%
BrasilBelo HorizonteAmérica Mineiro
93%
BrasilCuritibaAthletico Paranaense
92%
UruguaiMontevidéuPeñarol
88%
UruguaiMontevidéuNacional
86%
ArgentinaLa PlataEstudiantes
84%
EquadorGuayaquilBarcelona
82%
ChileSantiagoUniversidad Católica
80%
ParaguaiAssunçãoOlimpia
76%
ColômbiaMedellínAtlético Nacional
75%
ChileSantiagoColo-Colo
73%
EquadorQuitoUniversidad Católica
71%
BolíviaLa PazBolívar
69%
ParaguaiAssunçãoCerro Porteño
69%
VenezuelaCaracasCaracas
67%
PeruLimaAlianza Lima
62%
ColômbiaCaliDeportivo Cali
59%
EquadorGuayaquilEmelec
57%
ParaguaiAssunçãoLibertad
55%
ArgentinaBuenos AiresVélez Sarsfield
52%
PeruLimaUniversitario
51%
ArgentinaCórdobaTalleres
50%
BolíviaLa PazThe Strongest
50%
ArgentinaSanta FéColón
48%
EquadorSangolquíIndependiente del Valle
48%
ColômbiaIbaguéDeportes Tolima
47%
PeruLimaSporting Cristal
42%
ParaguaiAssunçãoGuaraní
40%
BolíviaLa PazAlways Ready
39%
VenezuelaSan CristóbalDeportivo Táchira
37%
ColômbiaBogotáMillonarios
36%
ChileViña del MarEverton
31%
BolíviaSucreIndependiente Petrolero
28%
UruguaiMontevidéuMontevideo City Torque
27%
VenezuelaBarquisimetoDeportivo Lara
21%
ChileSantiagoAudax Italiano
19%
UruguaiColonia del SacramentoPlaza Colonia
18%
VenezuelaMaturínMonagas
17%
PeruTrujilloUniversidad César Vallejo
14%

Distribuição das Pontuações

Percentil de Números Respondidos

Porcentagem de Pessoas com Cada Pontuação

Sua Pontuação Histórica

Você não jogou esse quiz